[Event "POL-chT 2nd League"]
[Site "Sypniewo"]
[Date "2021.09.07"]
[Round "4.8"]
[White "Zarebska, Lena"]
[Black "Wojcik, Jagoda"]
[Result "1-0"]
[WhiteElo "1910"]
[BlackElo "1612"]
[PlyCount "45"]
[EventDate "2021.09.04"]
[EventType "team-swiss"]
[EventRounds "9"]
[EventCountry "POL"]
[SourceTitle "CBM 204 Extra"]
[Source "ChessBase"]
[SourceDate "2021.11.30"]
[SourceVersion "1"]
[SourceVersionDate "2021.11.30"]
[SourceQuality "1"]
[WhiteTeam "Olsztyn Trzydziestka"]
[BlackTeam "Gliwice Politechnika Slaska"]
[WhiteTeamCountry "POL"]
[BlackTeamCountry "POL"]

1. e4 c5 2. Nf3 Nc6 3. d4 cxd4 4. Nxd4 g6 5. c4 Nf6 6. Nc3 Bg7 7. Nc2 0-0 8. Be2 Qc7 9. 0-0 d6 10. Bd2 b6 11. Rc1 Bb7 12. f3 Rad8 13. b4 e6 14. a3 d5 15. cxd5 exd5 16. Ne3 d4 17. Ned5 Nxd5 18. Nxd5 Qd6 19. Bg5 Rd7 20. Bb5 f6 21. Bf4 Qe6 22. Nc7 Rxc7 23. Bc4 1-0

[Event "Rubinstein Memorial op-D 57th"]
[Site "Polanica Zdroj"]
[Date "2021.08.22"]
[Round "9"]
[White "Wojtkowski, Pawel"]
[Black "Wojcik, Jagoda"]
[Result "1-0"]
[WhiteElo "1866"]
[BlackElo "1592"]
[PlyCount "81"]
[EventDate "2021.08.14"]
[EventType "swiss"]
[EventRounds "9"]
[EventCountry "POL"]
[SourceTitle "CBM 204 Extra"]
[Source "ChessBase"]
[SourceDate "2021.11.30"]
[SourceVersion "1"]
[SourceVersionDate "2021.11.30"]
[SourceQuality "1"]

1. Nf3 Nf6 2. c4 e6 3. b3 b6 4. Bb2 Bb7 5. g3 Be7 6. Bg2 0-0 7. 0-0 d5 8. d3 Nbd7 9. Nbd2 c5 10. e3 Qc7 11. Rc1 Rac8 12. Qe2 a6 13. e4 d4 14. Nh4 e5 15. Nf5 Rfe8 16. f4 g6 17. Nxe7+ Rxe7 18. Rf2 Nh5 19. f5 f6 20. Qg4 Kf7 21. Nf3 Rg8 22. fxg6+ hxg6 23. Nh4 Nf8 24. Rcf1 Rh8 25. Bh3 Qd7 26. Nxg6 Nxg6 27. Qxd7 Rxd7 28. Bxd7 Bc8 29. Bxc8 Rxc8 30. Bc1 Ke6 31. Bd2 Rb8 32. b4 b5 33. Rf5 Rh8 34. cxb5 cxb4 35. bxa6 Ne7 36. g4 Nxf5 37. exf5+ Kd5 38. gxh5 Rxh5 39. Bxb4 Kc6 40. Be7 Rh6 41. Rb1 1-0

[Event "Rubinstein Memorial op-D 57th"]
[Site "Polanica Zdroj"]
[Date "2021.08.17"]
[Round "4"]
[White "Simon, Marek"]
[Black "Wojcik, Jagoda"]
[Result "1-0"]
[WhiteElo "1878"]
[BlackElo "1592"]
[PlyCount "113"]
[EventDate "2021.08.14"]
[EventType "swiss"]
[EventRounds "9"]
[EventCountry "POL"]
[SourceTitle "CBM 204 Extra"]
[Source "ChessBase"]
[SourceDate "2021.11.30"]
[SourceVersion "1"]
[SourceVersionDate "2021.11.30"]
[SourceQuality "1"]

1. d4 Nf6 2. c4 e6 3. Nf3 b6 4. g3 Bb7 5. Bg2 Be7 6. 0-0 0-0 7. Re1 d5 8. cxd5 exd5 9. Nc3 c5 10. Bf4 Nc6 11. Qa4 Bd6 12. Bg5 Be7 13. Rad1 Nb4 14. Ne5 c4 15. a3 Na6 16. Bxf6 Bxf6 17. Nd7 Nc7 18. Nxf8 Kxf8 19. e4 b5 20. Qa5 Qd7 21. exd5 Nxd5 22. Qxb5 Qxb5 23. Nxb5 Rb8 24. Nd6 Bc6 25. Nxc4 Rd8 26. Ne3 Nxe3 27. Rxe3 Bb5 28. d5 Bxb2 29. Rb3 Ba4 30. Rxb2 Bxd1 31. Rb4 a5 32. Rd4 Bb3 33. d6 Be6 34. Bc6 f6 35. f4 Kf7 36. Kf2 Bg4 37. Rd2 Ke6 38. Bd5+ Kd7 39. Bb3 Kc6 40. Ba4+ Kb6 41. Ke3 Kc5 42. d7 Be6 43. Ke4 g6 44. h4 Bf5+ 45. Kf3 Be6 46. g4 f5 47. g5 Bd5+ 48. Ke3 Be4 49. h5 Bb7 50. hxg6 hxg6 51. Rh2 Bd5 52. Rh6 Bc6 53. Bxc6 Kxc6 54. Rxg6+ Kxd7 55. Ra6 Ke7 56. Rxa5 Ke6 57. Re5+ 1-0

[Event "POL-chT U20 2nd League"]
[Site "Szczyrk"]
[Date "2017.07.27"]
[Round "8.5"]
[White "Wojcik, Jagoda"]
[Black "Lascar, Maria Elena"]
[Result "1-0"]
[WhiteElo "1530"]
[BlackElo "1549"]
[PlyCount "51"]
[EventDate "2017.07.22"]
[EventType "team-swiss"]
[EventRounds "11"]
[EventCountry "POL"]
[SourceTitle "EXT 2019"]
[Source "ChessBase"]
[SourceDate "2018.10.10"]
[SourceVersion "1"]
[SourceVersionDate "2018.10.10"]
[SourceQuality "1"]

1. e4 c5 2. Nf3 Nc6 3. d4 cxd4 4. Nxd4 Qb6 5. Nxc6 bxc6 6. Nc3 d6 7. Be2 Nf6 8. 0-0 Bb7 9. Rb1 e6 10. Be3 Qc7 11. f4 d5 12. exd5 exd5 13. Na4 c5 14. Re1 Ne4 15. Bb5+ Kd8 16. Nc3 Nxc3 17. bxc3 Bd6 18. Qg4 g6 19. Bf2 Bc8 20. Qg5+ Be7 21. Qxd5+ Qd6 22. Qxa8 Kc7 23. Qxa7+ Bb7 24. Ba6 Qxa6 25. Rxb7+ Qxb7 26. Rxe7+ 1-0

[Event "POL-chT U20 2nd League"]
[Site "Szczyrk"]
[Date "2017.07.26"]
[Round "7.5"]
[White "Moscicka, Pola"]
[Black "Wojcik, Jagoda"]
[Result "0-1"]
[WhiteElo "1803"]
[BlackElo "1530"]
[PlyCount "64"]
[EventDate "2017.07.22"]
[EventType "team-swiss"]
[EventRounds "11"]
[EventCountry "POL"]
[SourceTitle "EXT 2019"]
[Source "ChessBase"]
[SourceDate "2018.10.10"]
[SourceVersion "1"]
[SourceVersionDate "2018.10.10"]
[SourceQuality "1"]

1. d4 Nf6 2. c4 e6 3. g3 c5 4. d5 exd5 5. cxd5 b5 6. Bg2 Bb7 7. Nh3 g6 8. 0-0 Bg7 9. Qb3 Qb6 10. Qe3+ Kf8 11. Qd3 d6 12. a4 Ba6 13. Qd1 b4 14. Nd2 c4 15. Ne4 Nxe4 16. Bxe4 Qc7 17. Rb1 Nd7 18. Be3 Nc5 19. Bg2 Nb3 20. Ng5 Rb8 21. Nf3 Ke7 22. Bg5+ f6 23. Bf4 Rhe8 24. Re1 Kf8 25. e4 g5 26. Bxg5 fxg5 27. Nxg5 Nc5 28. Re3 Kg8 29. f4 h6 30. Ne6 Nxe6 31. dxe6 Qc5 32. Qe2 c3 0-1

[Event "Lazy op 13th"]
[Site "Lazy"]
[Date "2017.06.30"]
[Round "6"]
[White "Rejniak, Zuzanna"]
[Black "Wojcik, Jagoda"]
[Result "1/2-1/2"]
[WhiteElo "1632"]
[BlackElo "1530"]
[PlyCount "49"]
[EventDate "2017.06.25"]
[EventType "swiss"]
[EventRounds "9"]
[EventCountry "POL"]
[SourceTitle "EXT 2018"]
[Source "ChessBase"]
[SourceDate "2017.10.13"]
[SourceVersion "1"]
[SourceVersionDate "2017.10.13"]
[SourceQuality "1"]

1. e4 e5 2. Nf3 Nf6 3. Nxe5 d6 4. Nf3 Nxe4 5. Nc3 Nxc3 6. dxc3 Be7 7. Be3 Nc6 8. Qd2 Be6 9. Be2 0-0 10. h3 Ne5 11. Nxe5 dxe5 12. Qxd8 Raxd8 13. 0-0 f5 14. f3 f4 15. Bf2 Bf5 16. Bc4+ Kh8 17. Bb3 Rd2 18. Rad1 Rfd8 19. Rxd2 Rxd2 20. Re1 Bf6 21. Bd4 Bh4 22. g3 Bxg3 23. Rxe5 Rd1+ 24. Kg2 Rd2+ 25. Kg1 1/2-1/2

[Event "POL-chT U19 2nd League"]
[Site "Iwonicz"]
[Date "2016.07.31"]
[Round "2.53"]
[White "Parol, Pola"]
[Black "Wojcik, Jagoda"]
[Result "1-0"]
[WhiteElo "1817"]
[BlackElo "1609"]
[PlyCount "129"]
[EventDate "2016.07.23"]
[EventType "team-swiss"]
[EventRounds "11"]
[EventCountry "POL"]
[SourceTitle "EXT 2019"]
[Source "ChessBase"]
[SourceDate "2018.10.10"]
[SourceVersion "1"]
[SourceVersionDate "2018.10.10"]
[SourceQuality "1"]
[WhiteTeam "Minsk Mazowiecki MTSz U19"]
[BlackTeam "Gliwice Politechnika Slaska U19"]
[WhiteTeamCountry "POL"]
[BlackTeamCountry "POL"]

1. e4 c5 2. Nf3 e6 3. d4 cxd4 4. Nxd4 Nf6 5. Nc3 Nc6 6. Nxc6 bxc6 7. e5 Nd5 8. Ne4 Qc7 9. f4 Qb6 10. c4 Ne3 11. Qd3 Nf5 12. g4 Nd4 13. Bg2 Rb8 14. Bd2 Bb4 15. Bc3 0-0 16. Rd1 c5 17. Ng5 g6 18. Qh3 h5 19. gxh5 Kg7 20. h6+ Kh8 21. 0-0 Bxc3 22. bxc3 Nf5 23. Ne4 Ba6 24. Nf6 Bxc4 25. Nxd7 Bxf1 26. Nxb6 Bxg2 27. Qxg2 Rxb6 28. Qg5 Rb7 29. h4 Kh7 30. Kh1 Rfb8 31. Qf6 Nxh6 32. h5 Rg8 33. Rg1 gxh5 34. Rg5 Rxg5 35. fxg5 Nf5 36. a4 c4 37. a5 a6 38. g6+ fxg6 39. Qxe6 Re7 40. Qxc4 Rxe5 41. Qxa6 Re1+ 42. Kh2 Rc1 43. Qd3 Ra1 44. a6 Ra5 45. Qd7+ Kh6 46. a7 Ra2+ 47. Kg1 h4 48. Qb7 h3 49. Qf3 Rxa7 50. Qxh3+ Kg5 51. Qg2+ Kf6 52. Qc6+ Kg5 53. Qf3 Rc7 54. Qd3 Rc6 55. c4 Rd6 56. Qf3 Kf6 57. c5 Rd8 58. Qc6+ Kg5 59. Qc7 Rd1+ 60. Kf2 Rc1 61. c6 Rc2+ 62. Ke1 Kg4 63. Qd7 Kf4 64. c7 g5 65. Qa4+ 1-0

[Event "POL-chT U19 2nd League"]
[Site "Iwonicz"]
[Date "2016.07.31"]
[Round "11.5"]
[White "Wojcik, Jagoda"]
[Black "Kordela, Monika"]
[Result "1-0"]
[WhiteElo "1609"]
[BlackElo "1783"]
[PlyCount "57"]
[EventDate "2016.07.23"]
[EventType "team-swiss"]
[EventRounds "11"]
[EventCountry "POL"]
[SourceTitle "EXT 2019"]
[Source "ChessBase"]
[SourceDate "2018.10.10"]
[SourceVersion "1"]
[SourceVersionDate "2018.10.10"]
[SourceQuality "1"]
[WhiteTeam "Gliwice Politechnika Slaska U19"]
[BlackTeam "Jastrzebie Zdroj Pionier U19"]
[WhiteTeamCountry "POL"]
[BlackTeamCountry "POL"]

1. e4 g6 2. d4 Bg7 3. Nc3 c5 4. Nf3 cxd4 5. Nxd4 Nc6 6. Be3 d6 7. Qd2 Nf6 8. f3 0-0 9. 0-0-0 Bd7 10. g4 Rc8 11. Kb1 Ne5 12. h4 b5 13. Ncxb5 Bxb5 14. Bxb5 Rb8 15. Be2 Qb6 16. Nb3 Qb7 17. h5 Rfc8 18. hxg6 fxg6 19. g5 Nh5 20. f4 Nc4 21. Bxc4+ Rxc4 22. Rhe1 Rxe4 23. Qd3 Nxf4 24. Bxf4 Rxf4 25. Qh3 a5 26. Rh1 a4 27. Qe6+ Kh8 28. Qxg6 Qe4 29. Rxh7+ 1-0

[Event "POL-chT U19 2nd League"]
[Site "Iwonicz"]
[Date "2016.07.31"]
[Round "8.29"]
[White "Wojcik, Jagoda"]
[Black "Kotula, Magdalena"]
[Result "1-0"]
[WhiteElo "1609"]
[BlackElo "1567"]
[PlyCount "69"]
[EventDate "2016.07.23"]
[EventType "team-swiss"]
[EventRounds "11"]
[EventCountry "POL"]
[SourceTitle "EXT 2019"]
[Source "ChessBase"]
[SourceDate "2018.10.10"]
[SourceVersion "1"]
[SourceVersionDate "2018.10.10"]
[SourceQuality "1"]
[WhiteTeam "Gliwice Politechnika Slaska U19"]
[BlackTeam "Tarnowskie Gory Strzybniczanka U19"]
[WhiteTeamCountry "POL"]
[BlackTeamCountry "POL"]

1. e4 c5 2. Nf3 Nc6 3. Bb5 g6 4. 0-0 Bg7 5. c3 Nf6 6. e5 Nd5 7. d4 cxd4 8. cxd4 0-0 9. Nc3 Nc7 10. Bg5 Nxb5 11. Nxb5 Qb6 12. Qb3 a6 13. Nc3 Qxb3 14. axb3 h6 15. Be3 b5 16. Nd5 Ra7 17. Rfc1 Re8 18. Nf4 Ra8 19. e6 g5 20. Nd5 Ra7 21. Nb6 fxe6 22. d5 Bxb2 23. Nxc8 Rxc8 24. Bxa7 exd5 25. Bd4 Bxa1 26. Bxa1 Rf8 27. Ne5 Nxe5 28. Bxe5 Rf5 29. Bb2 Rf4 30. Ba3 Kf7 31. Kf1 Rd4 32. Ke2 e5 33. f3 Ke6 34. g3 h5 35. Bc5 1-0

[Event "POL-ch U16 Girls"]
[Site "Szklarska Poreba"]
[Date "2016.03.19"]
[Round "8"]
[White "Karykowska, Anna"]
[Black "Wojcik, Jagoda"]
[Result "1-0"]
[WhiteElo "1832"]
[BlackElo "1510"]
[PlyCount "51"]
[EventDate "2016.03.13"]
[EventType "swiss"]
[EventRounds "9"]
[EventCountry "POL"]
[SourceTitle "EXT 2018"]
[Source "ChessBase"]
[SourceDate "2017.10.13"]
[SourceVersion "1"]
[SourceVersionDate "2017.10.13"]
[SourceQuality "1"]

1. e4 e5 2. Nf3 Nc6 3. Bc4 Nf6 4. d4 exd4 5. Ng5 Ne5 6. Bb3 h6 7. f4 hxg5 8. fxe5 Nh5 9. 0-0 d5 10. exd6 Be6 11. Bxe6 fxe6 12. e5 cxd6 13. Qd3 Qb6 14. Bxg5 dxe5 15. Qg6+ Kd7 16. Qf7+ Kd6 17. Nd2 Rc8 18. Ne4+ Kd5 19. Qf3 g6 20. c4+ Kc6 21. c5 Bxc5 22. Nxc5+ Kxc5 23. Be7+ Kb5 24. a4+ Ka5 25. b4+ Ka6 26. Qd3+ 1-0

[Event "POL-chT U19 2nd League"]
[Site "Iwonicz"]
[Date "2015.08.01"]
[Round "8.5"]
[White "Kindler, Karolina"]
[Black "Wojcik, Jagoda"]
[Result "0-1"]
[WhiteElo "1458"]
[BlackElo "1619"]
[PlyCount "74"]
[EventDate "2015.07.25"]
[EventType "team-swiss"]
[EventRounds "11"]
[EventCountry "POL"]
[SourceTitle "EXT 2019"]
[Source "ChessBase"]
[SourceDate "2018.10.10"]
[SourceVersion "1"]
[SourceVersionDate "2018.10.10"]
[SourceQuality "1"]
[WhiteTeam "Gdansk Korona U19"]
[BlackTeam "Gliwice Politechnika Slaska U19"]
[WhiteTeamCountry "POL"]
[BlackTeamCountry "POL"]

1. Nf3 c5 2. e3 Nc6 3. b3 d6 4. Bb2 e5 5. d3 Nge7 6. Be2 g6 7. Nbd2 Bg7 8. 0-0 0-0 9. Qc1 d5 10. c4 d4 11. exd4 exd4 12. Ne4 b6 13. Re1 f5 14. Ng3 h6 15. a3 g5 16. Nh5 Ng6 17. Nxg7 Kxg7 18. Bf1 g4 19. Nd2 Nce5 20. Qc2 Bb7 21. b4 Qf6 22. bxc5 bxc5 23. a4 Nf4 24. Bc1 Rae8 25. Ba3 Qc6 26. f3 gxf3 27. Rxe5 Rxe5 28. Nxf3 Re6 29. Bc1 Ng6 30. Rb1 Ne5 31. Nxe5 Rxe5 32. Bf4 Re6 33. Qb2 Rf7 34. Qb5 Rfe7 35. Kf2 Qc8 36. Qa5 Qc6 37. Qb5 Re2+ 0-1

[Event "POL-ch U16 Girls"]
[Site "Karpacz"]
[Date "2015.??.??"]
[Round "6"]
[White "Topolan, Agata"]
[Black "Wojcik, Jagoda"]
[Result "1-0"]
[WhiteElo "1707"]
[BlackElo "1525"]
[PlyCount "71"]
[EventDate "2015.03.??"]
[EventType "swiss"]
[EventRounds "9"]
[EventCountry "POL"]
[SourceTitle "EXT 2017"]
[Source "ChessBase"]
[SourceDate "2016.10.25"]
[SourceVersion "1"]
[SourceVersionDate "2016.10.25"]
[SourceQuality "1"]

1. c4 e6 2. g3 d5 3. Bg2 Nf6 4. Nf3 Be7 5. 0-0 0-0 6. d4 b6 7. Bg5 Nbd7 8. Bxf6 Nxf6 9. Nbd2 Bb7 10. Rc1 c5 11. e3 Rc8 12. Ne5 Nd7 13. f4 f6 14. Nef3 Rc7 15. f5 e5 16. Qb3 Qa8 17. Nh4 b5 18. cxd5 Bd6 19. Ne4 Be7 20. d6+ Bd5 21. Qc2 Bxd6 22. Nxd6 a6 23. Qd2 exd4 24. exd4 c4 25. Qf4 Nb6 26. Nxb5 Re7 27. Nc7 Qd8 28. Nxd5 Nxd5 29. Bxd5+ Qxd5 30. Rce1 Rfe8 31. Ng2 Re2 32. Rxe2 Rxe2 33. Qb8+ Kf7 34. Qa7+ Ke8 35. Nf4 Re7 36. Qxe7+ 1-0

[Event "POL Olympiad U14 Girls"]
[Site "Spala"]
[Date "2014.12.30"]
[Round "8.18"]
[White "Gowin, Malgorzata"]
[Black "Wojcik, Jagoda"]
[Result "1-0"]
[WhiteElo "1458"]
[BlackElo "1407"]
[PlyCount "63"]
[EventDate "2014.04.06"]
[EventType "swiss"]
[EventRounds "9"]
[EventCountry "POL"]
[SourceTitle "EXT 2023"]
[Source "ChessBase"]
[SourceDate "2022.10.05"]
[SourceVersion "1"]
[SourceVersionDate "2022.10.05"]
[SourceQuality "1"]

1. e4 d5 2. exd5 Qxd5 3. Nf3 Nf6 4. Be2 Bf5 5. Nc3 Qa5 6. d3 Nbd7 7. Bd2 c6 8. 0-0 e6 9. a3 Qc7 10. h3 0-0-0 11. Qc1 Bd6 12. d4 h6 13. b4 g5 14. b5 g4 15. bxc6 gxf3 16. cxd7+ Nxd7 17. Bxf3 Rdg8 18. Kh1 Qd8 19. Nb5 Bb8 20. Qb2 Qb6 21. Qc3+ Kd8 22. Qa5 Qxa5 23. Bxa5+ b6 24. Bb4 Bxc2 25. Rfc1 Bg6 26. Nd6 Ke7 27. Ne4+ Kd8 28. Nd6 Bxd6 29. Bxd6 f5 30. Rc7 Nf6 31. Rac1 Ne8 32. Be7# 1-0

[Event "POL Olympiad U14 Girls"]
[Site "Spala"]
[Date "2014.12.30"]
[Round "1.4"]
[White "Parol, Pola"]
[Black "Wojcik, Jagoda"]
[Result "1-0"]
[WhiteElo "1734"]
[BlackElo "1407"]
[PlyCount "45"]
[EventDate "2014.04.06"]
[EventType "swiss"]
[EventRounds "9"]
[EventCountry "POL"]
[SourceTitle "EXT 2023"]
[Source "ChessBase"]
[SourceDate "2022.10.05"]
[SourceVersion "1"]
[SourceVersionDate "2022.10.05"]
[SourceQuality "1"]

1. e4 e5 2. Nf3 Nf6 3. Nxe5 d6 4. Nf3 Nxe4 5. Nc3 Nxc3 6. dxc3 Be7 7. Be3 0-0 8. Qd2 Nc6 9. 0-0-0 Bf5 10. h3 Qd7 11. Bd3 Bxd3 12. cxd3 Qe6 13. Kb1 Rad8 14. g4 d5 15. Bf4 Bd6 16. Bxd6 Qxd6 17. Nh4 Ne7 18. f4 Rfe8 19. f5 Qg3 20. Ng2 Nc6 21. f6 Qe5 22. Rhf1 Qe2 23. Qg5 1-0

[Event "POL-chT U19 2nd League"]
[Site "Szczyrk"]
[Date "2014.07.31"]
[Round "9.35"]
[White "Wojna, Ewelina"]
[Black "Wojcik, Jagoda"]
[Result "0-1"]
[WhiteElo "1565"]
[BlackElo "1379"]
[PlyCount "112"]
[EventDate "2014.07.25"]
[EventType "team-swiss"]
[EventRounds "11"]
[EventCountry "POL"]
[SourceTitle "EXT 2015"]
[Source "ChessBase"]
[SourceDate "2014.11.20"]
[SourceVersion "1"]
[SourceVersionDate "2014.11.20"]
[SourceQuality "1"]
[WhiteTeam "Wielun UKS Piatka U19"]
[BlackTeam "Gliwice Politechnika Slaska U19"]
[WhiteTeamCountry "POL"]
[BlackTeamCountry "POL"]

1. c4 Nf6 2. Nc3 e6 3. g3 d5 4. cxd5 exd5 5. d4 Be7 6. Bg2 Be6 7. Nf3 0-0 8. 0-0 Nbd7 9. b3 b6 10. Bb2 c5 11. Rc1 Qc7 12. e3 Rac8 13. Re1 Qb7 14. Qe2 Rfe8 15. Ne5 cxd4 16. exd4 Bb4 17. Qd3 Rc7 18. Nb5 Rxc1 19. Rxc1 a6 20. Nc7 Rc8 21. Nxa6 Rxc1+ 22. Bxc1 Bd6 23. Nxd7 Bxd7 24. b4 Qc6 25. Bb2 Qa4 26. a3 Bb5 27. Qd2 Bxa6 28. Bf3 Qb5 29. Qd1 Qd3 30. Qxd3 Bxd3 31. Bc3 Kf8 32. a4 Ke8 33. a5 bxa5 34. bxa5 Kd7 35. Bd1 Kc7 36. Ba4 Kb7 37. f4 Ka6 38. Kg2 Bc7 39. Kf3 Bxa5 40. Bb2 Bd2 41. g4 Ka5 42. Bc6 Kb6 43. Ba4 Be4+ 44. Kg3 Be1+ 45. Kh3 Bf3 46. g5 Nh5 47. Bc1 Bf2 48. Bd7 Bxd4 49. Bg4 Bxg4+ 50. Kxg4 g6 51. f5 Ng7 52. fxg6 fxg6 53. h4 Kc5 54. Ba3+ Kc4 55. Be7 Nh5 56. Bd6 Bf2 0-1

[Event "POL-chT U19 2nd League"]
[Site "Szczyrk"]
[Date "2014.07.28"]
[Round "6.53"]
[White "Wojcik, Jagoda"]
[Black "Binkowska, Agata"]
[Result "0-1"]
[WhiteElo "1379"]
[BlackElo "1602"]
[PlyCount "72"]
[EventDate "2014.07.25"]
[EventType "team-swiss"]
[EventRounds "11"]
[EventCountry "POL"]
[SourceTitle "EXT 2015"]
[Source "ChessBase"]
[SourceDate "2014.11.20"]
[SourceVersion "1"]
[SourceVersionDate "2014.11.20"]
[SourceQuality "1"]
[WhiteTeam "Gliwice Politechnika Slaska U19"]
[BlackTeam "Podlesie UKS 21 U19"]
[WhiteTeamCountry "POL"]
[BlackTeamCountry "POL"]

1. e4 c5 2. Nf3 e6 3. d4 cxd4 4. Nxd4 a6 5. Be2 Qc7 6. 0-0 Nc6 7. Nxc6 dxc6 8. Nc3 Nf6 9. Be3 b5 10. Bf3 Bd6 11. h3 Bb7 12. Bg5 Nd7 13. Qd2 h6 14. Be3 Ne5 15. Be2 Rd8 16. f4 Ng6 17. Bd3 c5 18. Qf2 c4 19. Bb6 Qc6 20. Be2 Nxf4 21. Bf3 e5 22. Nd5 g5 23. Bxd8 Bc5 24. Ne3 Kxd8 25. Qd2+ Kc7 26. Kh1 Rd8 27. Qe1 Qg6 28. Ng4 Re8 29. Rd1 h5 30. Nf2 Bc8 31. Qd2 g4 32. hxg4 hxg4 33. Nxg4 Bxg4 34. Bxg4 Qxg4 35. Rf3 Rh8+ 36. Rh3 Nxh3 0-1

[Event "POL-chT U19 2nd League"]
[Site "Szczyrk"]
[Date "2014.07.26"]
[Round "3.71"]
[White "Hryn, Zofia"]
[Black "Wojcik, Jagoda"]
[Result "0-1"]
[WhiteElo "1320"]
[BlackElo "1379"]
[PlyCount "130"]
[EventDate "2014.07.25"]
[EventType "team-swiss"]
[EventRounds "11"]
[EventCountry "POL"]
[SourceTitle "EXT 2015"]
[Source "ChessBase"]
[SourceDate "2014.11.20"]
[SourceVersion "1"]
[SourceVersionDate "2014.11.20"]
[SourceQuality "1"]
[WhiteTeam "Gliwice Akademia Szachowa U19"]
[BlackTeam "Gliwice Politechnika Slaska U19"]
[WhiteTeamCountry "POL"]
[BlackTeamCountry "POL"]

1. e4 c5 2. Nf3 Nc6 3. d4 cxd4 4. Nxd4 g6 5. b4 Nf6 6. Nc3 Bg7 7. Bb2 0-0 8. Bc4 Nxe4 9. Nxe4 d5 10. Nxc6 bxc6 11. Bxg7 Kxg7 12. Bxd5 Qxd5 13. Qxd5 cxd5 14. Ng3 Ba6 15. Kd2 Rac8 16. Rhe1 Rc7 17. Ne2 e5 18. Rac1 Rfc8 19. Ng3 f6 20. h4 Rc3 21. h5 e4 22. Re3 R3c5 23. hxg6 hxg6 24. f3 f5 25. fxe4 dxe4 26. Ne2 Rd8+ 27. Ke1 Kf6 28. c4 Bb7 29. Rd1 Rxd1+ 30. Kxd1 Ke5 31. g3 g5 32. Nc1 Kd4 33. Re2 e3 34. Ke1 f4 35. gxf4 gxf4 36. Rc2 Be4 37. Ne2+ Ke5 38. Rc3 Bg2 39. Rd3 Be4 40. Rc3 Rc8 41. c5 Rh8 42. Kf1 Rh1+ 43. Ng1 Bc6 44. a4 Bf3 45. Rc1 Bc6 46. Ke2 Rh2+ 47. Kd3 Rd2+ 48. Kc3 Ke4 49. Re1 Rd3+ 50. Kc2 a5 51. Re2 Rd5 52. Kc1 Rxc5+ 53. Kb2 f3 54. Re1 f2 55. Rf1 fxg1Q 56. Rxg1 Kd3 57. Rd1+ Ke2 58. Rc1 Rxc1 59. Kxc1 Kf1 60. Kd1 e2+ 61. Kd2 e1Q+ 62. Kc2 Qe3 63. Kb2 Bd5 64. b5 Qb3+ 65. Ka1 Qa2# 0-1

[Event "POL Olympiad U14"]
[Site "Walbrzych"]
[Date "2013.??.??"]
[Round "7.19"]
[White "Kruszewska, Justyna"]
[Black "Wojcik, Jagoda"]
[Result "0-1"]
[WhiteElo "1350"]
[BlackElo "1388"]
[PlyCount "118"]
[EventDate "2013.04.??"]
[EventType "team-swiss"]
[EventRounds "9"]
[EventCountry "POL"]
[SourceTitle "EXT 2014"]
[Source "ChessBase"]
[SourceDate "2013.11.20"]
[SourceVersion "1"]
[SourceVersionDate "2013.11.20"]
[SourceQuality "1"]

1. d4 d5 2. c4 e6 3. Nc3 c6 4. Qc2 dxc4 5. Nf3 Bb4 6. e4 b5 7. Bd2 Bb7 8. a4 a6 9. Be2 Nf6 10. Bg5 Qc7 11. 0-0 Nbd7 12. Na2 Be7 13. axb5 cxb5 14. e5 Nd5 15. Bxe7 Nxe7 16. b3 Nb6 17. Rac1 Rc8 18. Nd2 Nf5 19. Qb2 Bd5 20. Rc2 0-0 21. Rfc1 Qd7 22. bxc4 Nxc4 23. Bxc4 Bxc4 24. Nxc4 bxc4 25. Rxc4 Rxc4 26. Rxc4 Rd8 27. h3 Nxd4 28. Rb4 Nc6 29. Rb7 Qd5 30. Nb4 Nxb4 31. Rxb4 Kf8 32. Qa3 Qc5 33. Ra4 Qxa3 34. Rxa3 Ra8 35. Ra5 Ke7 36. f4 Kd7 37. Kf2 Kc6 38. Ke3 Kb6 39. Ra2 a5 40. Kd4 a4 41. Kc4 Kc6 42. Ra3 Ra7 43. g3 Ra6 44. h4 h5 45. Rd3 Kc7 46. Ra3 Kc6 47. Rd3 a3 48. Rd6+ Kb7 49. Rd7+ Kc8 50. Rd1 a2 51. Ra1 Kc7 52. Kb3 Kc6 53. Kb2 Ra7 54. Rc1+ Kd5 55. Ka1 Ke4 56. Rc3 Kd4 57. Rb3 Ke4 58. Rc3 Kf5 59. Re3 f6 0-1

[Event "POL Region-ch U13 Girls"]
[Site "Szczyrk"]
[Date "2012.10.21"]
[Round "8.3"]
[White "Pluta, Natalia"]
[Black "Wojcik, Jagoda"]
[Result "1-0"]
[WhiteElo "1445"]
[BlackElo "1417"]
[PlyCount "82"]
[EventDate "2012.10.14"]
[EventType "swiss"]
[EventRounds "9"]
[EventCountry "POL"]
[SourceTitle "EXT 2023"]
[Source "ChessBase"]
[SourceDate "2022.10.05"]
[SourceVersion "1"]
[SourceVersionDate "2022.10.05"]
[SourceQuality "1"]

1. e4 d5 2. exd5 Qxd5 3. Nc3 Qa5 4. d4 Nf6 5. Bd2 Bf5 6. Bc4 c6 7. Nd5 Qd8 8. Nxf6+ exf6 9. Nf3 Be7 10. 0-0 0-0 11. Re1 Bg4 12. c3 Nd7 13. Bf4 Nb6 14. Bb3 Bd6 15. Bg3 Bxg3 16. fxg3 Qd7 17. Qd3 Bf5 18. Qd2 Nd5 19. Nh4 Be6 20. Qd3 Rad8 21. Bc2 g6 22. Re2 Nb6 23. b3 Qc7 24. Qf3 f5 25. Qf4 Qxf4 26. gxf4 Nd5 27. g4 Nxf4 28. Re3 fxg4 29. Rf1 Nd5 30. Rg3 f5 31. Re1 Bd7 32. Rd3 f4 33. Kf2 g5 34. Ng2 Bf5 35. Rd2 Nxc3 36. Re5 Bg6 37. Rxg5 g3+ 38. hxg3 fxg3+ 39. Kxg3 Kf7 40. Rf2+ Kg7 41. Nf4 Rd6 1-0